000 00761nam a2200229 a 4500
001 84101
003 BD-RjUL
005 20241009142603.0
008 241009s 1963enka 000 0 eng
035 _a(BD-RjUL)84101
040 _aDLC/ICU
_cICU
_dDLC
_dBD-RjUL
_beng
041 _aeng
082 0 0 _a547.076
_bWAC 1963
100 1 _aWatson, M. B.
_q(Mearns Bruce)
_913772
245 1 0 _aConstitutional problems in organic chemistry /
_c[by] M.B. Watson and G.W. Youngson.
260 _aLondon;
_aNew York :
_bVan Nostrand,
_c c1963
300 _a136 p.:
_bill.;
_c24 cm.
650 0 _aChemistry, Organic
_xProblems, exercises, etc.
_913773
700 1 _aYoungson, G. W.
_q(George William),
_d1919-
_ejoint author.
_913774
942 _2ddc
_cBK
999 _c84101
_d84101